Afrika zeměpisný přehled kontinentu a jeho oblastné ekonomické problémy

Gespeichert in:
Bibliographische Detailangaben
Format: Buch
Sprache:Tschechisch
Veröffentlicht: Praha Státní pedagogické nakladatelství 1973
Schriftenreihe:Učebnice vysokých škol
Tags: Tag hinzufügen
Keine Tags, Fügen Sie das erste Tag hinzu!

MARC

LEADER 00000nam a2200000 4500
001 c118005
005 20250515074003.0
041 0 |a cze 
044 |a CZ 
245 1 0 |a Afrika  |b zeměpisný přehled kontinentu a jeho oblastné ekonomické problémy  |c Ctibor Votrubec 
264 1 |a Praha  |b Státní pedagogické nakladatelství  |c 1973 
300 |a 593 s. 
490 1 |a Učebnice vysokých škol 
830 0 |a Učebnice vysokých škol